[Event "Roquetas de Mar op 35th"]
[Site "Roquetas de Mar"]
[Date "2024.01.03"]
[Round "3"]
[White "Bernal Moro, Luis Javier"]
[Black "Castillo Rodriguez, Angel Luis"]
[Result "1/2-1/2"]
[WhiteElo "2370"]
[BlackElo "2055"]
[PlyCount "122"]
[EventDate "2024.01.02"]
[EventType "swiss"]
[EventRounds "9"]
[EventCountry "ESP"]
[SourceTitle "CBM 218 Extra"]
[Source "ChessBase"]
[SourceDate "2024.03.31"]
[SourceVersion "1"]
[SourceVersionDate "2024.03.31"]
[SourceQuality "1"]

1. Nf3 Nf6 2. c4 b6 3. g3 Bb7 4. Bg2 g6 5. 0-0 Bg7 6. Nc3 0-0 7. d4 Ne4 8. Nxe4 Bxe4 9. Re1 c5 10. d5 d6 11. Bh3 Bxf3 12. exf3 Re8 13. f4 Bf6 14. Rb1 a6 15. Bf1 Nd7 16. a4 Nf8 17. Be3 Qd7 18. Qb3 Rab8 19. Red1 Qc7 20. Qd3 Nd7 21. b3 Rb7 22. Rd2 Nb8 23. Re1 Qd7 24. h4 Bg7 25. Kh2 Qd8 26. h5 Nd7 27. hxg6 hxg6 28. Bh3 Bf6 29. Rdd1 Kg7 30. Bg4 Rh8+ 31. Kg2 Qc7 32. Be2 Nf8 33. g4 Qd7 34. Rh1 Kg8 35. Rxh8+ Bxh8 36. Qe4 Rb8 37. Kg3 Re8 38. Qd3 Bg7 39. g5 Rd8 40. Bg4 Qe8 41. f5 Rb8 42. Re1 b5 43. axb5 axb5 44. Bf4 Qd8 45. cxb5 Rb7 46. Kg2 Qa5 47. Re3 Bd4 48. Rh3 Qxb5 49. Qg3 Ra7 50. Rh1 Ra2 51. Be3 Qxb3 52. Bxd4 Qxd5+ 53. Bf3 Qxd4 54. Rh4 Qd2 55. f6 exf6 56. gxf6 Nh7 57. Be4 Ng5 58. Rg4 Qe1 59. Bxg6 fxg6 60. Rxg5 Qe4+ 61. Kh2 Kf7 1/2-1/2

[Event "Titled Tuesday intern op 09th Aug Late"]
[Site "Chess.com INT"]
[Date "2022.08.09"]
[Round "9"]
[White "Djordjevic, Dejan N"]
[Black "Bernal Moro, Luis Javier"]
[Result "0-1"]
[WhiteElo "2156"]
[BlackElo "2404"]
[PlyCount "94"]
[EventDate "2022.08.09"]
[EventType "swiss (blitz)"]
[EventRounds "11"]
[EventCountry "USA"]
[SourceTitle "EXT 2023"]
[Source "ChessBase"]
[SourceDate "2022.10.05"]
[SourceVersion "1"]
[SourceVersionDate "2022.10.05"]
[SourceQuality "1"]

1. e4 c5 2. Nc3 e6 3. g3 d5 4. exd5 exd5 5. d4 cxd4 6. Qxd4 Be6 7. Bg2 Nc6 8. Qd1 Nf6 9. Nf3 h6 10. 0-0 Bc5 11. Nb5 0-0 12. c3 Qd7 13. Nbd4 Bg4 14. Nxc6 bxc6 15. Ne5 Bxd1 16. Nxd7 Nxd7 17. Rxd1 Rfe8 18. c4 Nb6 19. cxd5 cxd5 20. Bf3 Rad8 21. Bf4 Re7 22. Rac1 Bd6 23. Be3 Be5 24. b3 d4 25. Rd3 Nd5 26. Bd2 Red7 27. Rc4 Nc3 28. a3 g5 29. h3 Bf6 30. Kg2 Kg7 31. b4 Rd6 32. Bg4 Ra6 33. Bxc3 dxc3 34. Rxd8 Bxd8 35. Rxc3 Rf6 36. Bf3 Bb6 37. a4 Bd4 38. Rd3 Rd6 39. a5 Kf6 40. b5 Ke7 41. Rb3 Bc5 42. Rc3 Bd4 43. Rc4 Kf6 44. Bh5 Ke5 45. Bxf7 Ke4 46. Bg6+ Ke5 47. Bh5 Kd5 0-1

[Event "Titled Tuesday intern op 09th Aug Late"]
[Site "Chess.com INT"]
[Date "2022.08.09"]
[Round "5"]
[White "Lopez Perdomo, Juan David"]
[Black "Bernal Moro, Luis Javier"]
[Result "0-1"]
[WhiteElo "2004"]
[BlackElo "2404"]
[PlyCount "176"]
[EventDate "2022.08.09"]
[EventType "swiss (blitz)"]
[EventRounds "11"]
[EventCountry "USA"]
[SourceTitle "EXT 2023"]
[Source "ChessBase"]
[SourceDate "2022.10.05"]
[SourceVersion "1"]
[SourceVersionDate "2022.10.05"]
[SourceQuality "1"]

1. e4 c5 2. d4 cxd4 3. c3 Nf6 4. e5 Nd5 5. Nf3 e6 6. cxd4 d6 7. exd6 Bxd6 8. Be2 Nc6 9. 0-0 0-0 10. Nc3 Be7 11. Nxd5 Qxd5 12. Be3 b6 13. Rc1 Bb7 14. Ne1 Rfd8 15. Bf3 Qd7 16. Qa4 Rac8 17. Nd3 Bf6 18. Nb4 Nxb4 19. Qxd7 Rxd7 20. Bxb7 Rxc1 21. Rxc1 Nxa2 22. Rc4 g5 23. Ba6 Be7 24. Bb5 Rd5 25. Rc8+ Kg7 26. Bc4 Ra5 27. Bd2 Bb4 28. Be3 Be7 29. Rc7 Kf6 30. f4 h6 31. fxg5+ hxg5 32. Bd2 Bb4 33. Be3 Bd6 34. Rd7 Bf4 35. Bf2 Nb4 36. g3 Bd2 37. h4 gxh4 38. gxh4 Rf5 39. Bf1 a5 40. Bg2 Nd5 41. Bh3 Rf3 42. Kg2 Rb3 43. h5 Nf4+ 44. Kf1 Nxh3 45. h6 Nxf2 46. h7 Rh3 47. Kxf2 Rxh7 48. Ke2 Bb4 49. Kd3 Rh5 50. Kc4 Rd5 51. b3 Rd6 52. Rc7 b5+ 53. Kd3 e5 54. Rb7 Rxd4+ 55. Ke3 Kf5 56. Rxb5 f6 57. Rb7 Re4+ 58. Kf3 Rf4+ 59. Ke3 Bc3 60. Rb5 Bd4+ 61. Kd3 Rf3+ 62. Kc4 Rc3+ 63. Kd5 Rc5+ 64. Rxc5 Bxc5 65. Kxc5 e4 66. Kb5 e3 67. Kxa5 e2 68. b4 e1Q 69. Ka4 Qa1+ 70. Kb5 Ke6 71. Kc4 Kd6 72. Kb5 Qa7 73. Kc4 Kc6 74. b5+ Kb6 75. Kd5 Qa5 76. Ke6 Qxb5 77. Kf7 Qd7+ 78. Kg6 Qe6 79. Kh5 f5 80. Kg5 Qe5 81. Kh4 f4 82. Kg4 Qe4 83. Kh3 f3 84. Kg3 Qe2 85. Kh3 f2 86. Kh2 Qg4 87. Kh1 f1Q+ 88. Kh2 Qfg1# 0-1

[Event "Titled Tuesday intern op 02nd Aug Late"]
[Site "Chess.com INT"]
[Date "2022.08.02"]
[Round "2"]
[White "Bernal Moro, Luis Javier"]
[Black "Lakshmi, Chidambaram"]
[Result "1-0"]
[WhiteElo "2404"]
[BlackElo "1959"]
[PlyCount "57"]
[EventDate "2022.08.02"]
[EventType "swiss (blitz)"]
[EventRounds "11"]
[EventCountry "USA"]
[SourceTitle "EXT 2023"]
[Source "ChessBase"]
[SourceDate "2022.10.05"]
[SourceVersion "1"]
[SourceVersionDate "2022.10.05"]
[SourceQuality "1"]

1. c4 Nf6 2. Nc3 e5 3. Nf3 Nc6 4. e4 d6 5. d4 exd4 6. Nxd4 Bd7 7. Be2 Be7 8. 0-0 0-0 9. Be3 Re8 10. f4 Bf8 11. Bf3 h6 12. Kh1 Qc8 13. Nxc6 bxc6 14. Qd3 a6 15. Rae1 Rb8 16. b3 Ng4 17. Bg1 Qd8 18. c5 Bc8 19. cxd6 cxd6 20. Bxg4 Bxg4 21. Qxa6 Qc7 22. Qd3 Ra8 23. f5 Bh5 24. Qh3 g6 25. g4 Bxg4 26. Qxg4 h5 27. Qg2 d5 28. exd5 c5 29. Ne4 1-0

[Event "Pontevedra op-A 10th"]
[Site "Pontevedra"]
[Date "2022.07.25"]
[Round "3"]
[White "Bernal Moro, Luis Javier"]
[Black "Galperin, Platon"]
[Result "1/2-1/2"]
[WhiteElo "2404"]
[BlackElo "2518"]
[PlyCount "56"]
[EventDate "2022.07.24"]
[EventType "swiss"]
[EventRounds "9"]
[EventCountry "ESP"]
[SourceTitle "CBM 209 Extra"]
[Source "ChessBase"]
[SourceDate "2022.09.30"]
[SourceVersion "1"]
[SourceVersionDate "2022.09.30"]
[SourceQuality "1"]

1. Nf3 d5 2. g3 Nf6 3. Bg2 e6 4. c4 dxc4 5. Qa4+ Nbd7 6. Qxc4 c5 7. d4 a6 8. Qc2 cxd4 9. Nxd4 Nc5 10. Nb3 Nd5 11. Nxc5 Qa5+ 12. Bd2 Qxc5 13. Qxc5 Bxc5 14. Nc3 Nxc3 15. Bxc3 f6 16. Rc1 Be7 17. 0-0 Bd8 18. Rfd1 Rf8 19. Rd2 Rf7 20. Rdc2 Rc7 21. Be4 g6 22. Bd4 Rxc2 23. Rxc2 a5 24. f4 a4 25. a3 Kd7 26. Rd2 Ke8 27. Rc2 Kd7 28. Rd2 Ke8 1/2-1/2

[Event "Titled Tuesday intern op 19th Jul Late"]
[Site "Chess.com INT"]
[Date "2022.07.19"]
[Round "11"]
[White "Bernal Moro, Luis Javier"]
[Black "Rios Escobar, Adan"]
[Result "1-0"]
[WhiteElo "2404"]
[BlackElo "2276"]
[PlyCount "77"]
[EventDate "2022.07.19"]
[EventType "swiss (blitz)"]
[EventRounds "11"]
[EventCountry "USA"]
[SourceTitle "EXT 2023"]
[Source "ChessBase"]
[SourceDate "2022.10.05"]
[SourceVersion "1"]
[SourceVersionDate "2022.10.05"]
[SourceQuality "1"]

1. c4 Nf6 2. Nc3 g6 3. e4 d6 4. d4 Bg7 5. Bd3 Nc6 6. Nge2 e5 7. d5 Nd4 8. Nxd4 exd4 9. Ne2 0-0 10. 0-0 Re8 11. f3 c6 12. b3 c5 13. Bg5 h6 14. Bh4 g5 15. Bf2 Nd7 16. Ng3 Ne5 17. Nh5 Bh8 18. Rc1 Bd7 19. Bg3 a6 20. h3 Rb8 21. f4 Nxd3 22. Qxd3 b5 23. e5 bxc4 24. bxc4 gxf4 25. e6 Bxe6 26. dxe6 Rxe6 27. Bxf4 Qh4 28. Qf5 Rb7 29. Rf3 Be5 30. Rg3+ Kf8 31. Bxh6+ Rxh6 32. Qc8+ Ke7 33. Qxb7+ Ke6 34. Ng7+ Bxg7 35. Rxg7 Rf6 36. Qd5+ Kd7 37. Rb1 Qf2+ 38. Kh2 Qf4+ 39. Kh1 1-0

[Event "Titled Tuesday intern op 19th Jul Late"]
[Site "Chess.com INT"]
[Date "2022.07.19"]
[Round "7"]
[White "Bernal Moro, Luis Javier"]
[Black "Tatarinov, Dmitry"]
[Result "0-1"]
[WhiteElo "2404"]
[BlackElo "2314"]
[PlyCount "66"]
[EventDate "2022.07.19"]
[EventType "swiss (blitz)"]
[EventRounds "11"]
[EventCountry "USA"]
[SourceTitle "EXT 2023"]
[Source "ChessBase"]
[SourceDate "2022.10.05"]
[SourceVersion "1"]
[SourceVersionDate "2022.10.05"]
[SourceQuality "1"]

1. c4 e5 2. Nc3 Nf6 3. Nf3 Nc6 4. e3 g6 5. d4 exd4 6. exd4 Bg7 7. d5 Ne7 8. Be2 0-0 9. 0-0 d6 10. h3 a5 11. Bf4 Nd7 12. Qd2 Nc5 13. Bh6 Bxh6 14. Qxh6 Nf5 15. Qd2 Qf6 16. Rfe1 Bd7 17. Bd1 h5 18. Bc2 a4 19. Rab1 Rfe8 20. b4 axb3 21. axb3 Rxe1+ 22. Rxe1 Ra3 23. Rb1 h4 24. Kh2 Kg7 25. Rb2 c6 26. Bxf5 Bxf5 27. Nd4 Qe5+ 28. f4 Qf6 29. dxc6 bxc6 30. Nxc6 Be4 31. Nb4 Nxb3 32. Qe3 Nc5 33. Nbd5 Bxd5 0-1

[Event "Titled Tuesday intern op 19th Jul Late"]
[Site "Chess.com INT"]
[Date "2022.07.19"]
[Round "8"]
[White "Dilmukhametov, Artur"]
[Black "Bernal Moro, Luis Javier"]
[Result "1/2-1/2"]
[WhiteElo "2276"]
[BlackElo "2404"]
[PlyCount "176"]
[EventDate "2022.07.19"]
[EventType "swiss (blitz)"]
[EventRounds "11"]
[EventCountry "USA"]
[SourceTitle "EXT 2023"]
[Source "ChessBase"]
[SourceDate "2022.10.05"]
[SourceVersion "1"]
[SourceVersionDate "2022.10.05"]
[SourceQuality "1"]

1. d4 Nf6 2. Nc3 d5 3. Bf4 e6 4. e3 Be7 5. g4 b6 6. g5 Nfd7 7. h4 Ba6 8. Bxa6 Nxa6 9. Nf3 c5 10. Qe2 Nb4 11. a3 Nc6 12. h5 Rc8 13. 0-0-0 cxd4 14. exd4 Na5 15. g6 h6 16. gxf7+ Kxf7 17. Qd3 Bf6 18. Rhg1 Nc4 19. Ne5+ Ncxe5 20. dxe5 Nxe5 21. Bxe5 Bxe5 22. Qg6+ Ke7 23. Nxd5+ exd5 24. Rde1 Qc7 25. Qxg7+ Kd8 26. Qg6 Re8 27. Kb1 Qd7 28. Qxh6 Rc6 29. Qg5+ Bf6 30. Rxe8+ Qxe8 31. Qxd5+ Kc7 32. h6 Qe5 33. Qb3 Kb7 34. h7 Rc5 35. a4 Rd5 36. Rh1 a5 37. Ka2 Rd4 38. c3 Rd2 39. Qf7+ Ka6 40. Qxf6 Qxf6 41. h8Q Qxh8 42. Rxh8 Rxf2 43. Kb3 Re2 44. Rh4 Rf2 45. Rd4 Rg2 46. Rd1 Rh2 47. Rc1 Rg2 48. Rc2 Rg4 49. Ka3 Rf4 50. Rh2 Rg4 51. Kb3 Rf4 52. Rd2 Rg4 53. Rd4 Rg2 54. Ka3 Rc2 55. Rd6 Kb7 56. Rh6 Kc7 57. Rh7+ Kc6 58. Rg7 Rh2 59. b4 axb4+ 60. Kxb4 Rh4+ 61. c4 Rf4 62. Rg6+ Kb7 63. Rg5 Rh4 64. Kb5 Rh7 65. Rd5 Rc7 66. Re5 Rh7 67. Kb4 Rg7 68. Re6 Rh7 69. Kc3 Rh3+ 70. Kb4 Rh5 71. Rd6 Kc7 72. Rd5 Rh7 73. Kb5 Kb7 74. Re5 Rg7 75. a5 bxa5 76. Kxa5 Kc6 77. Kb4 Rb7+ 78. Kc3 Rd7 79. Rh5 Rg7 80. Kb4 Rb7+ 81. Ka5 Ra7+ 82. Kb4 Rb7+ 83. Kc3 Rg7 84. Rd5 Rd7 85. Ra5 Kb6 86. Rb5+ Kc6 87. Kb4 Ra7 88. Rh5 Rb7+ 1/2-1/2

[Event "Titled Tuesday intern op 19th Jul Late"]
[Site "Chess.com INT"]
[Date "2022.07.19"]
[Round "10"]
[White "Hua, Lefong"]
[Black "Bernal Moro, Luis Javier"]
[Result "1/2-1/2"]
[WhiteElo "2305"]
[BlackElo "2404"]
[PlyCount "150"]
[EventDate "2022.07.19"]
[EventType "swiss (blitz)"]
[EventRounds "11"]
[EventCountry "USA"]
[SourceTitle "EXT 2023"]
[Source "ChessBase"]
[SourceDate "2022.10.05"]
[SourceVersion "1"]
[SourceVersionDate "2022.10.05"]
[SourceQuality "1"]

1. d4 Nf6 2. c4 g6 3. Nc3 Bg7 4. e4 d6 5. f4 c5 6. d5 0-0 7. Nf3 e6 8. Be2 exd5 9. cxd5 Nbd7 10. 0-0 Re8 11. Nd2 a6 12. a4 Qc7 13. Kh1 c4 14. Bf3 Rb8 15. a5 b5 16. axb6 Rxb6 17. g4 Nc5 18. g5 Nh5 19. Nxc4 Rb4 20. Na5 Nxe4 21. Nxe4 Rbxe4 22. Bxe4 Rxe4 23. Nc6 Qd7 24. Qf3 Qe8 25. Bd2 Bf5 26. Rae1 h6 27. h4 Kh7 28. Kh2 Bxb2 29. gxh6 Bf6 30. Rxe4 Bxe4 31. Re1 Bxf3 32. Rxe8 Bxd5 33. Nb4 Be6 34. Nxa6 Bxh4 35. Nc7 Bc4 36. Bc3 Bf6 37. Bxf6 Nxf6 38. Rd8 d5 39. Ne8 Nxe8 40. Rxe8 Kxh6 41. Rd8 Kg7 42. Kg3 Kf6 43. Rd7 Ke6 44. Rd8 f6 45. Kf2 Kf5 46. Ke3 g5 47. fxg5 fxg5 48. Rf8+ Kg6 49. Rg8+ Kf5 50. Rf8+ Kg6 51. Kf3 Bd3 52. Rd8 Be4+ 53. Kg4 Kf6 54. Kg3 Kf5 55. Rf8+ Kg6 56. Re8 Kf5 57. Rf8+ Kg6 58. Rd8 Kf5 59. Rd7 Ke5 60. Rd8 Bf5 61. Kf3 g4+ 62. Kg3 Be6 63. Kf2 d4 64. Ke2 Bd5 65. Kd3 Be4+ 66. Ke2 d3+ 67. Ke3 Bf5 68. Re8+ Kf6 69. Rf8+ Kg5 70. Rh8 g3 71. Rg8+ Bg6 72. Kf3 d2 73. Rd8 Bh5+ 74. Kxg3 d1Q 75. Rxd1 Bxd1 1/2-1/2

[Event "Titled Tuesday intern op 05th Jul Late"]
[Site "Chess.com INT"]
[Date "2022.07.05"]
[Round "10"]
[White "Bernal Moro, Luis Javier"]
[Black "Romanchuk, Viktor"]
[Result "1-0"]
[WhiteElo "2404"]
[BlackElo "2266"]
[PlyCount "53"]
[EventDate "2022.07.05"]
[EventType "swiss (blitz)"]
[EventRounds "11"]
[EventCountry "USA"]
[SourceTitle "CBM 209 Extra"]
[Source "ChessBase"]
[SourceDate "2022.09.30"]
[SourceVersion "1"]
[SourceVersionDate "2022.09.30"]
[SourceQuality "1"]

1. c4 c6 2. e4 d5 3. cxd5 cxd5 4. exd5 Nf6 5. Nc3 Nxd5 6. Nf3 e6 7. Bc4 Nf6 8. 0-0 Be7 9. d4 0-0 10. Re1 Nbd7 11. Bg5 Nb6 12. Bb3 Bd7 13. Ne5 Rc8 14. Qf3 Bc6 15. Qh3 Bd5 16. Bc2 g6 17. Bh6 Re8 18. Nxd5 Qxd5 19. Bb3 Qxd4 20. Rad1 Qxb2 21. Nxf7 Nbd5 22. Rxe6 Kxf7 23. Rxf6+ Kxf6 24. Qf3+ Ke5 25. Rxd5+ Ke6 26. Rd1+ Ke5 27. Qf4# 1-0

[Event "Titled Tuesday intern op 05th Jul Late"]
[Site "Chess.com INT"]
[Date "2022.07.05"]
[Round "6"]
[White "Bernal Moro, Luis Javier"]
[Black "Yurasova, Daria"]
[Result "1-0"]
[WhiteElo "2404"]
[BlackElo "2066"]
[PlyCount "51"]
[EventDate "2022.07.05"]
[EventType "swiss (blitz)"]
[EventRounds "11"]
[EventCountry "USA"]
[SourceTitle "CBM 209 Extra"]
[Source "ChessBase"]
[SourceDate "2022.09.30"]
[SourceVersion "1"]
[SourceVersionDate "2022.09.30"]
[SourceQuality "1"]

1. c4 c6 2. e4 d5 3. exd5 cxd5 4. d4 Nf6 5. Nc3 Nc6 6. Nf3 e6 7. cxd5 Nxd5 8. Bc4 Bb4 9. Qd3 0-0 10. 0-0 b6 11. a3 Be7 12. Ba2 Bb7 13. Rd1 Nf6 14. Bg5 Qe8 15. Bb1 g6 16. Bh6 Rd8 17. Bxf8 Qxf8 18. Qe3 Qg7 19. h3 Na5 20. Ba2 Nd5 21. Nxd5 Bxd5 22. Bxd5 Rxd5 23. Rac1 Qf6 24. Ne5 Kg7 25. Rc7 h5 26. b4 1-0

[Event "Titled Tuesday intern op 07th Jun Late"]
[Site "Chess.com INT"]
[Date "2022.06.07"]
[Round "8"]
[White "Bernal Moro, Luis Javier"]
[Black "Romero Ruscalleda, Josep"]
[Result "1-0"]
[WhiteElo "2404"]
[BlackElo "2193"]
[PlyCount "131"]
[EventDate "2022.06.07"]
[EventType "swiss (blitz)"]
[EventRounds "11"]
[EventCountry "USA"]
[SourceTitle "CBM 208 Extra"]
[Source "ChessBase"]
[SourceDate "2022.07.31"]
[SourceVersion "1"]
[SourceVersionDate "2022.07.31"]
[SourceQuality "1"]

1. c4 g6 2. e4 Bg7 3. d4 d6 4. Nc3 e5 5. Nf3 Nc6 6. Bg5 f6 7. Be3 exd4 8. Nxd4 Nge7 9. Nxc6 Nxc6 10. h4 f5 11. h5 fxe4 12. hxg6 hxg6 13. Rxh8+ Bxh8 14. Qd5 Bf5 15. Nxe4 Qe7 16. Qg8+ Kd7 17. Qxa8 Qxe4 18. Be2 Nb4 19. Qxh8 Nc2+ 20. Kf1 Nxa1 21. Kg1 Nc2 22. Qg7+ Qe7 23. Qxe7+ Kxe7 24. Bd2 Nd4 25. Bf1 c5 26. f3 Bb1 27. a3 a6 28. Kf2 Bf5 29. Bc3 Nc6 30. g4 Be6 31. Bd3 Bf7 32. f4 Ke6 33. Ke3 Ne7 34. Be4 d5 35. Bd3 d4+ 36. Bxd4 cxd4+ 37. Kxd4 Kd6 38. c5+ Kc7 39. b4 Nc6+ 40. Ke4 Kd7 41. f5 Ke7 42. g5 gxf5+ 43. Kxf5 Nd4+ 44. Ke4 Ne6 45. Kf5 Bg6+ 46. Kxg6 Nf4+ 47. Kh7 Nxd3 48. g6 Ne5 49. g7 Ng4 50. g8Q Nf6+ 51. Kg7 Nxg8 52. Kxg8 Kd7 53. Kf8 Kc6 54. Ke7 b6 55. cxb6 Kxb6 56. a4 Kc6 57. Ke6 Kc7 58. Kd5 Kb6 59. Kd6 Kb7 60. Kc5 Kc7 61. a5 Kb7 62. Kd6 Kb8 63. Kc6 Ka7 64. Kc7 Ka8 65. Kb6 Kb8 66. Kxa6 1-0

[Event "Titled Tuesday intern op 24th May Late"]
[Site "Chess.com INT"]
[Date "2022.05.24"]
[Round "4"]
[White "Colivet Gamboa, Julio Cesar"]
[Black "Bernal Moro, Luis Javier"]
[Result "0-1"]
[WhiteElo "1812"]
[BlackElo "2404"]
[PlyCount "76"]
[EventDate "2022.05.24"]
[EventType "swiss (blitz)"]
[EventRounds "11"]
[EventCountry "USA"]
[SourceTitle "EXT 2023"]
[Source "ChessBase"]
[SourceDate "2022.10.05"]
[SourceVersion "1"]
[SourceVersionDate "2022.10.05"]
[SourceQuality "1"]

1. c4 c5 2. Nc3 Nc6 3. g3 g6 4. Bg2 Bg7 5. e4 d6 6. Nge2 e6 7. 0-0 Nge7 8. d3 0-0 9. Be3 Nd4 10. f4 Rb8 11. a4 b6 12. h3 Bb7 13. Kh2 Qd7 14. Rb1 f5 15. Bxd4 cxd4 16. Nb5 Nc6 17. exf5 gxf5 18. b3 a5 19. Qd2 e5 20. fxe5 dxe5 21. Qg5 Kh8 22. Rf2 Nd8 23. Bxb7 Rxb7 24. Rbf1 Ne6 25. Qh5 Nc5 26. Nc1 f4 27. gxf4 e4 28. Qd5 Qxd5 29. cxd5 e3 30. Rc2 Rd7 31. d6 Be5 32. Ne2 Nxd3 33. Nexd4 Nxf4 34. h4 Nd3+ 35. Kg2 Rg7+ 36. Kh3 Rxf1 37. Rc8+ Rg8 38. d7 Nf2# 0-1

[Event "Titled Tuesday intern op 24th May Late"]
[Site "Chess.com INT"]
[Date "2022.05.24"]
[Round "11"]
[White "Hasangatin, Ramil"]
[Black "Bernal Moro, Luis Javier"]
[Result "1-0"]
[WhiteElo "2479"]
[BlackElo "2404"]
[PlyCount "81"]
[EventDate "2022.05.24"]
[EventType "swiss (blitz)"]
[EventRounds "11"]
[EventCountry "USA"]
[SourceTitle "EXT 2023"]
[Source "ChessBase"]
[SourceDate "2022.10.05"]
[SourceVersion "1"]
[SourceVersionDate "2022.10.05"]
[SourceQuality "1"]

1. e4 c5 2. Nf3 e6 3. g3 Nc6 4. Bg2 Nf6 5. d3 Be7 6. 0-0 0-0 7. Re1 e5 8. c3 Re8 9. d4 cxd4 10. cxd4 exd4 11. Nxd4 Bb4 12. Nc3 d5 13. Nxc6 bxc6 14. exd5 Rxe1+ 15. Qxe1 cxd5 16. Bd2 Be6 17. Nxd5 Bxd5 18. Bxb4 Bxg2 19. Kxg2 Qd5+ 20. Kg1 Re8 21. Qd2 Qh5 22. Re1 Rxe1+ 23. Qxe1 h6 24. Bc3 Qd5 25. Qe5 Qd1+ 26. Kg2 Kh7 27. Qf5+ Kg8 28. a3 Qd6 29. Bxf6 gxf6 30. Qe4 Qb6 31. b4 Kg7 32. a4 a6 33. h4 Kf8 34. Qc4 Ke7 35. Kf3 Qd6 36. Ke3 Qb6+ 37. Qc5+ Qxc5+ 38. bxc5 Kd7 39. Kd4 Kc6 40. g4 a5 41. Kc4 1-0

[Event "Titled Tuesday intern op 24th May Late"]
[Site "Chess.com INT"]
[Date "2022.05.24"]
[Round "1"]
[White "Tristan, Leonardo"]
[Black "Bernal Moro, Luis Javier"]
[Result "1-0"]
[WhiteElo "2548"]
[BlackElo "2404"]
[PlyCount "93"]
[EventDate "2022.05.24"]
[EventType "swiss (blitz)"]
[EventRounds "11"]
[EventCountry "USA"]
[SourceTitle "EXT 2023"]
[Source "ChessBase"]
[SourceDate "2022.10.05"]
[SourceVersion "1"]
[SourceVersionDate "2022.10.05"]
[SourceQuality "1"]

1. d4 Nf6 2. Nf3 g6 3. Bf4 Bg7 4. e3 0-0 5. Be2 b6 6. 0-0 Bb7 7. h3 d6 8. a4 a6 9. Nbd2 Nbd7 10. c3 e6 11. Bh2 Qe7 12. Bd3 e5 13. e4 Rfe8 14. Re1 h6 15. Qc2 Nh7 16. dxe5 dxe5 17. Bc4 Ng5 18. Nxg5 hxg5 19. b4 Nf6 20. Nf1 g4 21. hxg4 Nxg4 22. Bg3 Bh6 23. f3 Nf6 24. Ne3 Nh5 25. Bf2 Bf4 26. Nd5 Bxd5 27. Bxd5 Rad8 28. Qa2 Kg7 29. Rad1 Rh8 30. g4 Nf6 31. Bc4 Rxd1 32. Rxd1 Rh2 33. Bf1 Nh7 34. Bg2 Ng5 35. Qe2 Nh3+ 36. Bxh3 Rxh3 37. Kg2 Rh2+ 38. Kg1 Qg5 39. Rd7 Qh6 40. Kf1 Rh1+ 41. Bg1 Qh3+ 42. Qg2 Qh4 43. Ke2 Bh2 44. Bf2 Bf4 45. Bxh4 Rh2 46. Qxh2 Bxh2 47. Bd8 1-0

[Event "Titled Tuesday intern op 10th May Late"]
[Site "Chess.com INT"]
[Date "2022.05.10"]
[Round "2"]
[White "Bernal Moro, Luis Javier"]
[Black "Nagy, Gabor"]
[Result "0-1"]
[WhiteElo "2404"]
[BlackElo "2503"]
[PlyCount "72"]
[EventDate "2022.05.10"]
[EventType "swiss (blitz)"]
[EventRounds "11"]
[EventCountry "USA"]
[SourceTitle "CBM 208 Extra"]
[Source "ChessBase"]
[SourceDate "2022.07.31"]
[SourceVersion "1"]
[SourceVersionDate "2022.07.31"]
[SourceQuality "1"]

1. Nf3 g6 2. c4 Bg7 3. d4 d6 4. e4 Nc6 5. Be2 Bg4 6. Be3 e5 7. d5 Bxf3 8. Bxf3 Nd4 9. Bxd4 exd4 10. Na3 Ne7 11. 0-0 c5 12. dxc6 bxc6 13. b4 0-0 14. Nc2 Rb8 15. a3 d3 16. Qxd3 Bxa1 17. Rxa1 a5 18. Rd1 axb4 19. axb4 d5 20. exd5 cxd5 21. cxd5 Qd6 22. g3 Rfc8 23. Qd2 Rc4 24. Be2 Rc7 25. b5 Nf5 26. Nb4 h5 27. Nc6 Re8 28. h4 Nxg3 29. fxg3 Qxg3+ 30. Kf1 Re4 31. d6 Rxh4 32. Bc4 Rh1+ 33. Ke2 Rh2+ 34. Kf1 Qf3+ 35. Ke1 Rh1+ 36. Bf1 Qxf1# 0-1

[Event "Titled Tuesday intern op 10th May Late"]
[Site "Chess.com INT"]
[Date "2022.05.10"]
[Round "6"]
[White "Hnydiuk, Aleksander"]
[Black "Bernal Moro, Luis Javier"]
[Result "1-0"]
[WhiteElo "2394"]
[BlackElo "2404"]
[PlyCount "51"]
[EventDate "2022.05.10"]
[EventType "swiss (blitz)"]
[EventRounds "11"]
[EventCountry "USA"]
[SourceTitle "CBM 208 Extra"]
[Source "ChessBase"]
[SourceDate "2022.07.31"]
[SourceVersion "1"]
[SourceVersionDate "2022.07.31"]
[SourceQuality "1"]

1. g3 c5 2. Bg2 Nc6 3. Nf3 e5 4. c4 g6 5. 0-0 Bg7 6. Nc3 d6 7. e3 Nge7 8. d4 exd4 9. exd4 cxd4 10. Nb5 Bg4 11. Bf4 Nc8 12. Re1+ Kf8 13. Qd2 Bxf3 14. Bxf3 a6 15. Bxc6 bxc6 16. Nxd4 Qd7 17. Bh6 Ne7 18. Rad1 Rd8 19. Qf4 Kg8 20. Re2 Bxd4 21. Rxd4 Nf5 22. Rde4 d5 23. cxd5 cxd5 24. Re5 d4 25. Rxf5 Qxf5 26. Qxd4 1-0